000
00296nam a22001217a 4500
003
OSt
008
150406b xxu||||| |||| 00| 0 eng d
100
1
_a
Boggs, Winthrop
041
_a
eng
245
1
0
_a
Ten Decades Ago 1840 - 1850
260
_b
The American Philatelic Society, Inc.
300
_a
0 pages
999
_c
1121
_d
1121